00536nam a2200157Ia 4500008004100000082001400041100001000055245004400065260003900109365000600148630004400154730004400198942000900242999001900251952010800270100415s9999 xx 000 0 und d b3959a590 aT.Z.R aThe Zoological Records, 1936 - Vol.73 aLONDON.c1937bZoological Society b0 aThe Zoological Records, 1936 - Vol.73 aThe Zoological Records, 1936 - Vol.73 cBOOK c586946d586943 00104070aBNHSbBNHSd1959-10-24g0.00l0o590 3959pBNHS-3959r2010-04-15 00:00:00w2010-04-15yBOOK